000 00277nam a2200109Ia 4500
008 190216s9999||||xx |||||||||||||| ||und||
100 _aSankaran Unni
245 0 _aParisthithi Vinjaanathinde Moola Thathwangal
260 _bBhasha Institute
650 _aMalayalam
942 _cBK
999 _c39017
_d39017